000 00304nam a22001217a 4500
008 170425b xxu||||| |||| 00| 0 eng d
041 _aeng
080 _a546
100 _a12
101 _aSHM
245 _aA COMPREHENSIVE TREATISE ON INORGANIC AND THEORETICAL CHEMISTRY
_cMELLOR, J.W
942 _2udc
_cBK
999 _c11908
_d11908